000 00445nam a22001697a 4500
003 NUST - PNEC
005 20170116180918.0
008 150904b xxu||||| |||| 00| 0 eng d
040 _cLIBRARY
082 _a604.2 BAR
100 _97504
_aBarr, Hugh
245 _aMacgibbon's pictorial drawing book for marine engineering
_cHugh Barr
250 _a7th ed.
260 _c1965
650 _97531
_aMechanical Engineering
_xME
942 _2ddc
_cBK
999 _c65502
_d65502